Zmeny v účtovaní odložených daňových pohľadávok s účinnosťou od 1. 1. 2017 a neskôr

Dňa 19. januára 2016 IASB zverejnila zmeny pre IAS 12 Dane z príjmov, aby objasnila účtovanie odložených daňových pohľadávok týkajúcich sa dlhových nástrojov ocenených reálnou hodnotou. Aktuálne zmeny IAS 12 sú súčasťou časti s názvom „Odpočítateľné dočasné rozdiely“, v ktorej sa mení odsek 29 a dop...

ver descrição completa

Na minha lista:
Detalhes bibliográficos
Autor principal: Mokošová, Daša, 1979-
Formato: Capítulo de Livro
Idioma:eslovaco
Assuntos:
Tags: Adicionar Tag
Sem tags, seja o primeiro a adicionar uma tag!

MARC

LEADER 00000nla a2200000 4500
001 0247569
005 20240502073949.4
041 0 |a slo 
044 |a SK 
245 1 0 |a Zmeny v účtovaní odložených daňových pohľadávok s účinnosťou od 1. 1. 2017 a neskôr  |c Daša Mokošová 
520 |a Dňa 19. januára 2016 IASB zverejnila zmeny pre IAS 12 Dane z príjmov, aby objasnila účtovanie odložených daňových pohľadávok týkajúcich sa dlhových nástrojov ocenených reálnou hodnotou. Aktuálne zmeny IAS 12 sú súčasťou časti s názvom „Odpočítateľné dočasné rozdiely“, v ktorej sa mení odsek 29 a dopĺňajú sa odseky 27A, 29A and 98G a rovnako bol doplnený vysvetľujúci príklad po odseku 26. 
610 2 0 |a dane z príjmov 
610 2 0 |a dane odložené 
610 2 0 |a pohľadávky 
610 2 0 |a legislatíva 
100 1 |a Mokošová, Daša, 1979-